Change-Promoting Research for Health Services (Record no. 764)

000 -LEADER
fixed length control field 00761nam a22002297a 4500
003 - CONTROL NUMBER IDENTIFIER
control field OSt
005 - DATE AND TIME OF LATEST TRANSACTION
control field 20210422052235.0
008 - FIXED-LENGTH DATA ELEMENTS--GENERAL INFORMATION
fixed length control field 201221s1999 ||||| |||| 00| 0 eng d
020 ## - INTERNATIONAL STANDARD BOOK NUMBER
International Standard Book Number 0335202209
020 ## - INTERNATIONAL STANDARD BOOK NUMBER
International Standard Book Number 0335202217
040 ## - CATALOGING SOURCE
Original cataloging agency eng
Language of cataloging eng
Transcribing agency eng
041 ## - LANGUAGE CODE
Language code of text/sound track or separate title eng
080 ## - UNIVERSAL DECIMAL CLASSIFICATION NUMBER
Universal Decimal Classification number 614
Item number L-49
100 ## - MAIN ENTRY--PERSONAL NAME
9 (RLIN) 585
Personal name Leger, St. S. A
245 ## - TITLE STATEMENT
Title Change-Promoting Research for Health Services
Remainder of title : A Guide for Resource Managers, Research and Development Commissioners and Researchers
Statement of responsibility, etc. / by: Open University Press
260 ## - PUBLICATION, DISTRIBUTION, ETC.
Place of publication, distribution, etc. Buckingham
Name of publisher, distributor, etc. Open University Press
Date of publication, distribution, etc. 1999
300 ## - PHYSICAL DESCRIPTION
Extent 239 p.
650 #0 - SUBJECT ADDED ENTRY--TOPICAL TERM
9 (RLIN) 337
Topical term or geographic name entry element Public Health
653 ## - INDEX TERM--UNCONTROLLED
Uncontrolled term საზოგადოებრივი ჯანდაცვა
700 ## - ADDED ENTRY--PERSONAL NAME
9 (RLIN) 586
Personal name Walsworth-Bell, P. J
942 ## - ADDED ENTRY ELEMENTS (KOHA)
Source of classification or shelving scheme
Koha item type Books
Holdings
Withdrawn status Lost status Source of classification or shelving scheme Damaged status Not for loan Permanent location Current location Date acquired Inventory number Total Checkouts Full call number Barcode Date last seen Price effective from Koha item type
          Ken Walker International University Ken Walker International University 12/21/2020 2119   614 L-49 2119 12/21/2020 12/21/2020 Books

Powered by Koha